"Ez elment vadászni"

Bibliographic Details
Main Author: Juhász, Katalin, 1969- (Author)
Format: Article
Language:Hungarian
PhysicalDescription:Fotogr.
ISSN:1335-7050
Subjects:

MARC

LEADER 00000nab a2200000 a 4500
001 vtls010615742
003 SK-MaSNL
005 20260318122222.0
008 140821c20140805xo d| | 000 0|2hun
015 |a SNBRB2014/08 
038 |a DSZK 
040 |a DSZK  |b slo  |c DSZK  |e AACR2 
041 0 |a hun 
044 |a xo  |c SK 
080 |a 792.57  |2 2001 
100 1 |a Juhász, Katalin,  |d 1969-  |4 aut  |9 102317 
245 1 0 |a "Ez elment vadászni"  |c Juhász Katalin 
300 |b Fotogr. 
500 |a Režisér Viktor Varga 
610 2 7 |a Cervinus Teátrum (Sarvaš, Maďarsko)  |2 dszk  |9 1034909 
630 0 7 |a Csodaszarvas (muzikál)  |2 dszk  |9 1568767 
650 0 7 |a divadelné predstavenia  |2 dszk  |9 3328 
650 0 7 |a muzikály  |2 dszk  |9 3332 
651 7 |a Topoľníky (Slovensko)  |2 SNKPHgeo  |9 26166 
651 7 |a Sarvaš (Maďarsko)  |2 dszk  |9 56239 
773 0 |t Új szó  |g Évf. 67, sz. 179 (2014.8.5), o. 8  |x 1335-7050 
852 |a DSZK  |b KIS3GCP 
958 |a HU 
958 |a SK 
999 |c 3198039  |d 3199969